El mito de la autoidentidad humana (Record no. 87432)

MARC details
000 -LEADER
campo de control de longitud fija 00952nam a2200253 i 4500
001 - NÚMERO DE CONTROL
campo de control 87432
003 - IDENTIFICADOR DE NÚMERO DE CONTROL
campo de control ES-MaACL
005 - FECHA Y HORA DE LA ÚLTIMA TRANSACCIÓN
campo de control 20250727062602.0
007 - CAMPO FIJO DE DESCRIPCIÓN FÍSICA--INFORMACIÓN GENERAL
campo de control de longitud fija t|
008 - DATOS DE LONGITUD FIJA--INFORMACIÓN GENERAL
campo de control de longitud fija 041221s1976 sp ||||1| spa d
100 1# - ENTRADA PRINCIPAL--NOMBRE DE PERSONA
Nombre de persona Kolakowski, Leszek.
9 (RLIN) 68507
245 13 - MENCIÓN DEL TÍTULO
Título El mito de la autoidentidad humana
Resto del título : la unidad de la sociedad civil y la sociedad política /
Mención de responsabilidad, etc. Leszek Kolakowski, Stuart Hampshire ; versión de Juan Alvarez.
260 ## - PUBLICACIÓN, DISTRIBUCIÓN, ETC.
Lugar de publicación, distribución, etc. Valencia :
Nombre del editor, distribuidor, etc. Universidad de Valencia, Departamento de Lógica y Filosofía de la Ciencia,
Fecha de publicación, distribución, etc. 1976.
300 ## - DESCRIPCIÓN FÍSICA
Extensión 44 p. ;
Dimensiones 22 cm.
490 1# - MENCIÓN DE SERIE
Mención de serie Teorema ;
Designación de volumen o secuencia 9
650 07 - PUNTO DE ACCESO ADICIONAL DE MATERIA--TÉRMINO DE MATERIA
Término de materia o nombre geográfico como elemento de entrada Socialismo
Fuente del encabezamiento o término embne
9 (RLIN) 17147
650 04 - PUNTO DE ACCESO ADICIONAL DE MATERIA--TÉRMINO DE MATERIA
Término de materia o nombre geográfico como elemento de entrada Marxismo.
9 (RLIN) 14803
700 1# - ENTRADA AGREGADA--NOMBRE PERSONAL
Nombre de persona Hampshire, Stuart.
9 (RLIN) 61701
700 1# - ENTRADA AGREGADA--NOMBRE PERSONAL
Nombre de persona Alvarez, Juan.
9 (RLIN) 20653
710 2# - ENTRADA AGREGADA--NOMBRE DE ENTIDAD CORPORATIVA
Nombre de entidad corporativa o nombre de jurisdicción como elemento de entrada Universidad de Valencia.
Unidad subordinada Departamento de Lógica y Filosofía de la Ciencia.
9 (RLIN) 7323
830 0# - PUNTO DE ACCESO ADICIONAL DE SERIE-TÍTULO UNIFORME
Título uniforme Teorema ;
Designación de volumen o secuencia 9
9 (RLIN) 181356
852 ## - LOCALIZACIÓN
Ubicación ES-MaACL
Número de control de estantería 2101-F-25
Holdings
Estatus retirado Estado de pérdida Estado de daño No para préstamo Colección Biblioteca de origen Biblioteca actual Ubicación en estantería Fecha de adquisición Fuente de adquisición Total de préstamos Signatura topográfica completa Código de barras Visto por última vez Precio de reemplazo Tipo de ítem Koha
        Colección de folletos Biblioteca del Ateneo de Madrid Biblioteca del Ateneo de Madrid Depósito folletos 17/01/2008     2101-F-25 1091343 23/02/2023 23/02/2023 Folleto